[Event "New York op"]
[Site "New York"]
[Date "1998.03.17"]
[Round "3"]
[White "Shabalov, Alexander"]
[Black "Gurevich, Dmitry"]
[Result "1-0"]
[WhiteElo "2615"]
[BlackElo "2540"]
[Annotator "Stohl,I"]
[PlyCount "85"]
[EventDate "1998.03.16"]
[EventType "swiss"]
[EventRounds "9"]
[EventCountry "USA"]
[SourceTitle "CBM 064"]
[Source "ChessBase"]
[SourceDate "1998.06.02"]
[SourceVersion "1"]
[SourceVersionDate "1998.06.02"]
[SourceQuality "1"]

1. d4 Nf6 2. c4 c5 3. Nf3 cxd4 4. Nxd4 e5 5. Nb5 d5 6. cxd5 Bc5 7. N5c3 O-O 8.
e3 e4 9. Be2 Qe7 (9... Re8 10. Nd2 $142 $1 (10. a3 Nbd7 (10... a5 11. Nd2 Bf5
12. Nb3 Bf8 13. g4 Bg6 14. g5 Nfd7 15. h4 Ne5 16. Nd4 Nd3+ 17. Kf1 Bc5 18. h5
Bxd4 19. hxg6 Bxc3 20. Bxd3 exd3 21. gxf7+ Kxf7 22. Qxd3 $1 $40 {Bischoff,
K-Kersten,U/Bad Worishofen op/1998/}) 11. b4 Bd6 12. Bb2 a5 13. bxa5 Nc5 14.
Nd2 Bg4 15. O-O Nd3 16. Rb1 Bxe2 17. Qxe2 Nxb2 18. Rxb2 Be5 19. Rb3 Bxc3 20.
Rxc3 Qxd5 21. Rb3 {1/2,Mirzoev,A-Kogan,A/Cannes op/1998/}) 10... Nbd7 (10...
Bf5 $5) 11. Qc2 Qe7 12. O-O a6 13. a4 b6 14. Nc4 Bb7 15. Rd1 Rad8 16. b3 Ne5
17. Nxe4 Nxe4 18. Qxe4 Qg5 19. h4 Qg6 20. Qxg6 Nxg6 21. h5 Ne7 22. d6 Nf5 23.
d7 Re7 24. b4 {1-0,Lautier,J-Adams,M/Las Palmas/1994/ Due to this game the 9...
Re8 line has lost most of it's popularity and the text became the main move.})
10. a3 Rd8 (10... a5 11. Nd2 Rd8 12. Qc2 Bf5 13. Nb3 Nxd5 14. Nxd5 Rxd5 15. Bc4
Re5 16. Bd2 Bd7 17. Bxa5 Bd6 18. Bc3 Rg5 19. g3 $14 {Sokolov,A-Andrienko,A/
Jurmala/1991/}) (10... a6 11. b4 Bd6 12. Bb2 Nbd7 13. Nd2 Nb6 14. Qc2 Bf5 15.
g4 Bxg4 16. Ndxe4 Nxe4 17. Qxe4 Bxe2 18. Kxe2 f5 19. Qxe7 Bxe7 20. Rac1 Rac8
21. Rhd1 Rfd8 22. Ba1 Rd7 23. f3 $16 {Khurtsidze,N-Calzetta,M/WCh-studW Leon/
1996/}) 11. O-O $5 $146 {This natural move surprisingly hasn't been played
before.} (11. b4 Bd6 12. Bb2 a5 $5 (12... Nbd7 13. Nd2 Nb6 14. Qb3 Be5 (14...
Bf5 15. Nb5 $6 (15. Nc4 $142) 15... Nfxd5 16. Nxd6 Rxd6 17. Nc4 Rg6 18. g3 Bh3
19. O-O-O Nxc4 20. Bxc4 Nb6 21. Kb1 Rc8 $40 {Braun,P-Koerholz,L/Vienna opB/
1996/}) 15. Nc4 (15. Rd1 Bf5 16. Nc4 Nxc4 17. Qxc4 Rac8 18. Qb3 a6 19. Na4 Bxb2
20. Qxb2 Rxd5 21. Rxd5 Nxd5 22. O-O Qf6 23. Rc1 Qxb2 24. Rxc8+ Bxc8 25. Nxb2
Nc3 $15 {Lautier,J-Illescas Cordoba,M/Linares/1995/}) 15... Nxc4 16. Bxc4 Bf5
17. Nb5 Bxb2 18. Qxb2 Nxd5 19. Nd4 Qe5 20. Qb3 Bg6 21. Bxd5 Rxd5 22. Rc1 f5 23.
Rc5 Bf7 24. Rxd5 Bxd5 25. Qc3 f4 26. exf4 Qxf4 27. O-O Rd8 28. Nc2 Be6 29. Ne3
Rd3 $132 {Khodos-Gofshtein,L/Daugavpils/1978/}) 13. bxa5 Be5 14. Qa4 Na6 15.
Nd2 $6 (15. O-O $142 Nc5 $44) 15... Nc5 16. Qb4 Bg4 17. Nc4 Bxc3+ 18. Qxc3 Bxe2
19. Kxe2 Qd7 20. Rhd1 Rac8 21. Kf1 Nd3 22. Qb3 Qf5 23. Rxd3 exd3 $17 {Timman,
J-Topalov,V/Wijk/1996/}) (11. Nd2 Bf5 $6 12. g4 Bc8 13. h3 b5 14. Qc2 Bb7 15.
Ncxe4 Nxe4 16. Nxe4 Bxd5 17. Qxc5 Qxe4 18. f3 Qe6 19. Qxb5 $16 {Padevsky,
N-Lukov,V/Pamporovo/1982/}) 11... a5 $6 {Dubious, as Black loses time and
weakens his <<, which gives White good chances to advantageously return his
extra pawn.} (11... Bf5 $142 $44) 12. Nd2 Bf5 13. Qb3 (13. Nc4 Be6 $5 $11)
13... h5 14. Nc4 Ra6 15. Rd1 $2 {Leaves White's K to it's own devices and lets
Black unleash a vicious sacrificial attack.} (15. Na4 $142 $5 Bg4 $5 (15...
Rxd5 16. Ncb6 $16) (15... Nxd5 16. Nxc5 Qxc5 17. Qxb7 $14 (17. Bxh5 $5 {/\} a4
$2 18. Qxb7 $1 $16)) (15... Ba7 $2 16. d6 $16) 16. Bxg4 hxg4 17. Bd2 $14 {<=>})
15... Ng4 $1 $32 16. h3 (16. Bxg4 Bxg4 (16... hxg4 17. Na4 $13) 17. Rd2 Rg6 $40
) 16... Nxf2 $1 {A promising positional sacrifice.} 17. Kxf2 Bxh3 $1 (17...
Qh4+ 18. g3 $1 (18. Kg1 Bxh3 19. Bf1 Rf6 {-17...Bh3!}) 18... Qxh3 19. Qxb7 Rf6
20. Ke1 Qxg3+ 21. Kd2 $16 {With his K in relative safety White is better.}) 18.
Bf1 (18. Ke1 $5 Bxg2 19. Kd2 h4 $44 {[%csl Gh4] o^h The passed pawn causes
White's uncoordinated forces a lot of trouble.}) (18. gxh3 $2 Qh4+ 19. Kg2 (19.
Kf1 Rf6+) 19... Rg6+ 20. Bg4 hxg4 $19) 18... Qh4+ 19. Kg1 Rf6 20. Qc2 $8 (20.
gxh3 $2 Qg3+ 21. Bg2 Rf2 $19) 20... Bg4 21. Nxe4 Rf4 $3 {A fantastic move,
which Black probably saw in advance, as otherwise he would simply be lost. Now
White must be very cautious.} 22. Nxa5 $2 (22. g3 Bxd1 23. gxh4 (23. Qxd1 Rxf1+
24. Qxf1 Qxe4 $17) 23... Bxc2 24. Nxc5 Rg4+ 25. Kf2 (25. Kh2 Rxd5 26. Nxb7 Rf5
$17) 25... Rxd5 26. Nxb7 Rf5+ $40) (22. Nxc5 Bxd1 23. Qd2 (23. Qxd1 Qf2+ 24.
Kh2 Rh4#) 23... Rxf1+ 24. Kxf1 Qxc4+ {[%cal Rd8d5] /\Rd5-+}) ({White's best
chance probably was} 22. Rd4 $142 $5 Bxd4 23. exd4 Rxf1+ $1 (23... Bd1 $6 24.
Qxd1 Rxe4 25. Qf3 $16) 24. Kxf1 Bf5 25. Ncd2 (25. Bg5 Qxg5 26. Nxg5 Bxc2 27.
Nxa5 Rxd5 28. Rc1 $5 $15) 25... Rc8 (25... Re8 26. Qa4 $1 $132) 26. Qd3 Qh1+
27. Kf2 Rxc1 28. Rxc1 Qxc1 29. Qc3 $1 $11) (22. Rd2 Bf5 23. Nxc5 (23. g3 Rxf1+
24. Kxf1 Qh1+ $19) 23... Rxf1+ 24. Kxf1 Bxc2 25. Rxc2 Rxd5 $19) 22... Bxd1 23.
Qxd1 Rxf1+ $2 {A tactical oversight, this is one sacrifice too many.} ({
Logical and strong was} 23... Rxe4 24. Nxb7 Ba7 $142 $1 (24... Bd6 $5 25. Nxd6
Rxd6 26. Be2 Nd7 27. Bf3 Rg4 $5 $40 (27... Rxd5 28. Qe2 Nf6 $36)) (24... Bxe3+
$2 25. Bxe3 Rxe3 26. Nxd8 Qxd8 27. Qd4 $16) 25. Qd3 (25. Nxd8 Rxe3 26. Qa4 (26.
Bxe3 Bxe3#) 26... Rh3+ 27. Qxa7 Rh1#) (25. Qf3 Rc8 $1 {[%cal Rc8c1] /\Rc1-+})
25... Rde8 (25... Rxd5 $2 26. Qxd5 Rxe3 27. Nc5) 26. Nd6 Rxe3 $19) 24. Qxf1
Qxe4 25. Nxb7 Rxd5 (25... Bxe3+ $143 26. Bxe3 Qxe3+ 27. Qf2 Qxf2+ 28. Kxf2 Rxd5
29. b4 $16 {[%csl Ga3,Gb4] _|_o^a,b}) 26. Nxc5 Qc2 $6 $138 (26... Rxc5 $142 27.
Qf3 $5 (27. Qf4 Qb7 $14 {<=>}) 27... Qh4 28. Bd2 $14) 27. Qf4 $1 $18 Nc6 (27...
Qd1+ 28. Kh2 Rxc5 29. Qxb8+ Kh7 30. Qf8 Rxc1 31. Rxc1 Qxc1 32. Qxf7 $18) 28.
Ne4 Qd1+ ({Black can regain the missing piece, but the endgame is hopeless.} 
28... Rd1+ 29. Kh2 Rxc1 30. Rxc1 Qxc1 31. Nd6 (31. Qc7 $5) 31... f6 32. Qc4+
$18) 29. Kh2 Ne5 30. Nf2 Qf1 31. e4 Rd3 {Desperation in time-trouble.} (31...
Rc5 32. Be3 $18) (31... Rb5 32. a4 $18) 32. Nxd3 (32. Qxe5 Qxf2 33. Qb8+ Kh7
34. Bf4 $18) 32... Ng4+ 33. Kg3 Qxd3+ 34. Qf3 Qd8 35. Bf4 g5 36. Rf1 $5 f6 (
36... gxf4+ 37. Qxf4 f6 38. e5 $18) 37. Kh3 $6 (37. Bxg5 $1 fxg5 38. Qf7+ Kh8
39. Qxh5+ {was more accurate.}) 37... Qd7 38. Bxg5 Ne3+ 39. Kh2 Nxf1+ 40. Qxf1
fxg5 41. Qf5 Qd6+ 42. e5 Qd2 43. Qc8+ (43. Qc8+ Kf7 44. Qc7+ Kg6 (44... Ke6 45.
Qd6+ $18) 45. e6 $18 {[%cal Rc7f7,Re6e7] /\Qf7,e7}) 1-0

[Event "Linares 13th"]
[Site "Linares"]
[Date "1995.03.03"]
[Round "3"]
[White "Lautier, Joel"]
[Black "Illescas Cordoba, Miguel"]
[Result "0-1"]
[WhiteElo "2655"]
[BlackElo "2595"]
[Annotator "Stohl,I"]
[PlyCount "66"]
[EventDate "1995.03.01"]
[EventType "tourn"]
[EventRounds "13"]
[EventCountry "ESP"]
[EventCategory "17"]
[SourceTitle "CBM 046"]
[Source "ChessBase"]
[SourceDate "1995.06.01"]
[SourceVersion "1"]
[SourceVersionDate "1995.06.01"]
[SourceQuality "1"]

1. d4 Nf6 2. c4 c5 3. Nf3 cxd4 4. Nxd4 e5 5. Nb5 d5 6. cxd5 Bc5 7. N5c3 O-O 8.
e3 Qe7 $5 (8... e4 9. a3 (9. Be2 Re8 $6 (9... Qe7 {-8...Qe7}) 10. Nd2 Nbd7 11.
Qc2 Qe7 12. O-O a6 13. a4 b6 14. Nc4 Bb7 15. Rd1 Rad8 16. b3 $16 {Lautier,
J-Adams,M/Las Palmas/1994/}) 9... Qe7 10. Nd2 Rd8 11. b4 Bd6 12. Nc4 Bc7 13.
Ra2 Bg4 14. Be2 Bxe2 15. Rxe2 Nc6 $5 16. Bb2 Ne5 17. Nxe5 Bxe5 18. Rd2 Rac8 19.
Qb3 Ng4 20. h3 Qh4 21. g3 Bxg3 22. Nxe4 Be5 $44 {Krasenkov,M-Smirin,I/Vilnius/
1988/}) 9. Be2 (9. e4 $2 Ng4 $17) 9... e4 10. a3 Rd8 11. b4 Bd6 (11... Bb6 12.
Bb2 Bf5 13. g4 $5 Be6 14. Qc2 Bxg4 15. Bxg4 Nxg4 16. Nxe4 Nd7 17. Rg1 Nde5 18.
Qe2 f5 19. Ng3 Rxd5 20. Nxf5 Qf7 21. Bxe5 Rxe5 22. Qxg4 Rxf5 $44 {Rotstein,
A-Stranjakovitch/Paris-ch/1992/}) 12. Bb2 Be5 $5 $146 (12... Bf5 13. Nd2 Nbd7
14. Nc4 Ne5 15. Nxd6 Rxd6 16. O-O Rad8 17. Qb3 a6 18. f3 $6 exf3 19. Bxf3 Bd3
20. Be2 Neg4 21. Rf3 Nxh2 $1 $40 {Trapl,J-Kupka,S/Litomerice/1990/}) (12...
Nbd7 13. Nd2 Nb6 14. Qb3 Be5 (14... Bf5 $5 15. Rd1 Rac8 16. Nb5 {1/2:1/2,Haba,
Z-Hudecek,J/CSFR-chT/1992/}) 15. Nc4 Nxc4 16. Bxc4 Bf5 17. Nb5 Bxb2 18. Qxb2
Nxd5 19. Nd4 Qe5 20. Qb3 Bg6 21. Bxd5 Rxd5 22. Rc1 f5 23. Rc5 Bf7 24. Rxd5 Bxd5
25. Qc3 f4 26. exf4 Qxf4 27. O-O Rd8 $10 {Hodos-Gofshtein/Daugavpils/1978/})
13. Qb3 Nbd7 14. Nd2 Nb6 15. Rd1 (15. O-O Nbxd5 $10 (15... Bg4 $5 $13)) 15...
Bf5 (15... Nbxd5 $6 16. Ndxe4 $1 Nxc3 17. Nxf6+ Bxf6 18. Rxd8+ Qxd8 19. Bxc3
Be6 20. Qb2 $14) 16. Nc4 Nxc4 17. Qxc4 (17. Bxc4 Rac8 18. Be2 a6 $44 {-17.Qc4})
17... Rac8 18. Qb3 a6 19. Na4 (19. O-O $6 Qc7 $36) (19. h3 $5 $13) 19... Bxb2
20. Qxb2 Rxd5 21. Rxd5 Nxd5 22. O-O Qf6 $10 23. Rc1 $6 (23. Qxf6 Nxf6 24. Nc5
$10) 23... Qxb2 24. Rxc8+ Bxc8 25. Nxb2 Nc3 $15 {׫,()} 26. Kf1 (26. Bc4 $142
$5 Kf8 27. Kf1 Ke7 28. Ke1 $15 {/\Nd1}) 26... Be6 27. Ke1 f5 28. Nd1 (28. Kd2
$2 Nb1+ $17) (28. Bc4 Kf7 $36) 28... Nb1 29. a4 Kf7 30. Nb2 Ke7 31. Nc4 (31.
Kd1 Bb3+ {/\Nc3-/+}) (31. Bc4 Bxc4 32. Nxc4 Nc3 33. Nb2 Nd5 (33... b5 34. axb5
axb5 35. Kd2 Nd5 36. Nd1 Nxb4 37. Nc3 Nd3 {=/+/-/+}) 34. b5 axb5 35. axb5 Kd6
$17) 31... Nc3 32. Na5 $4 {פa5} (32. Nb2 $8 Nd5 $1 (32... Bb3 33. a5 Kd6 34.
Kd2 Nd5 35. b5 $132) 33. b5 axb5 34. Bxb5 Nc3 $17) 32... Nxe2 33. Kxe2 Bd5 (
33... Bd5 34. b5 $8 axb5 35. axb5 b6 36. Nc6+ Bxc6 37. bxc6 Kd6 $19) 0-1

[Event "Donetzk zt"]
[Site "Donetsk"]
[Date "1998.11.02"]
[Round "1"]
[White "Milov, Leonid"]
[Black "Lerner, Konstantin Z"]
[Result "1/2-1/2"]
[WhiteElo "2490"]
[BlackElo "2580"]
[Annotator "Stohl,I"]
[PlyCount "113"]
[EventDate "1998.11.02"]
[EventType "swiss"]
[EventRounds "11"]
[EventCountry "UKR"]
[SourceTitle "CBM 068"]
[Source "ChessBase"]
[SourceDate "1999.02.01"]
[SourceVersion "1"]
[SourceVersionDate "1999.02.01"]
[SourceQuality "1"]

1. Nf3 c5 2. g3 Nc6 3. c4 g6 4. Bg2 Bg7 5. Nc3 d6 6. O-O Nf6 7. d4 cxd4 8. Nxd4
Bd7 $1 {Black uses the fact he played d6 instead of 0-0 to avoid opening the /
^ h1-a8 for Bg2.} (8... Nxd4 9. Qxd4 O-O 10. Qd3 $14 {-A39}) 9. b3 (9. Nxc6
Bxc6 10. e4 Nd7 $5 $132) 9... h5 $5 {[%mdl 32] Another original move, Black
looks for a fight and forgoes even castling. As the database shows, Lerner is
the pioneer of this idea.} ({Fully possible was also the more sedate} 9... O-O
10. Bb2 Qa5 11. Rc1 (11. e4 Nxd4 12. Qxd4 Rac8 13. Rac1 Rfe8 14. a3 Ng4 15. Qd1
Ne5 16. Kh1 b5 $1 17. cxb5 Bxb5 18. b4 $6 Qa6 19. Nxb5 Qxb5 20. Qd4 Bf6 $36 {
Ivanov,I-Gulko,B/New York/1988/}) (11. e3 Rab8 12. Qe2 Rfc8 13. Rfd1 a6 14. a3
Qb6 15. Na4 Qc7 16. Nxc6 Bxc6 17. Nc3 $10 {Lerner,K-Gulko,B/Helsinki op/1992/})
11... Rfc8 12. Qd2 Rab8 13. Rfd1 a6 14. e3 Nxd4 15. Qxd4 Bc6 16. Bxc6 bxc6 17.
Qd2 h5 18. Qe2 Qf5 19. Kg2 Nd7 20. Qc2 Qe6 21. h4 Ne5 22. Ne2 Ng4 $11 {Tal,
M-Marin,M/Manila/1990/}) 10. Bb2 (10. h4 $143 Ng4 $5 ({Less exciting is} 10...
O-O 11. Bb2 Qa5 12. Rc1 Rfc8 13. e3 Rab8 14. Qe2 a6 15. a3 $6 (15. Rfd1 $142)
15... Qb6 16. Na4 Qd8 17. Nc3 Na5 18. Qd1 Qb6 $1 19. Ba1 e5 20. Nf3 Qxb3 21.
Qxd6 Nxc4 $17 {Panchenko,A-Lerner,K/Moscow/1992/}) 11. e3 (11. Nxc6 $6 bxc6 12.
Bb2 g5 $1 13. hxg5 h4 14. gxh4 Qa5 15. Qd3 Rxh4 16. c5 Be5 17. Rfd1 Qxc5 18.
Ne4 Bh2+ 19. Kf1 Qb6 20. Bd4 Ne5 21. Qc3 Qc7 22. Rac1 Rc8 23. b4 Ng6 24. a4 Nf4
25. Bf3 Bg4 26. b5 c5 27. Be3 Bh3+ 28. Ke1 Ng2+ $40 {Syrchikov,A-Dvoirys,S/
Omsk-Perm/1998/}) 11... Nge5 12. Bb2 Bg4 13. f3 Bd7 14. Nd5 O-O 15. Qe2 a6 16.
Rfd1 e6 17. Nc3 Nxd4 18. exd4 Nc6 19. Ne4 d5 20. cxd5 exd5 21. Nc5 Bf5 22. Qf2
Qb6 23. Bf1 Rac8 24. Rac1 Rfe8 25. Na4 Qa7 26. Kg2 Nb4 27. Rxc8 Rxc8 28. Nc3
Bh6 29. a3 Na2 $1 $17 {Lopushnoy,D-Dvoirys,S/Tomsk/1997/}) 10... h4 11. Nd5
$146 {A recommendation by Ribli, but it doesn't give White an advantage.} ({
Unambitious is} 11. Nxc6 Bxc6 12. Nd5 hxg3 13. hxg3 Bxd5 14. cxd5 Rc8 15. Qd2
Qd7 16. Rac1 O-O 17. Bxf6 Bxf6 18. Rxc8 Rxc8 19. Rc1 $11 {1/2,Van der Sterren,
P-Lerner,K/Germany/1998/}) (11. e3 $5 $13) 11... hxg3 12. hxg3 Ne5 $5 (12...
Nxd5 13. cxd5 Nxd4 14. Bxd4 Kf8 $5 15. Rc1 Bh3 $11) 13. Nf3 $5 (13. Nxf6+ Bxf6
14. Bxb7 $6 Rb8 15. Bd5 (15. Ba6 Qb6 16. Bb5 Qb7 $1 (16... Bxb5 17. cxb5 Ng4
$44 {|^}) 17. f3 a6 18. Bxd7+ Qxd7 $17 {/\Qh3,Nc4}) 15... e6 16. Bg2 Nxc4 17.
Bc3 Ne5 $15 {<->h}) 13... Nxd5 14. Nxe5 (14. Bxe5 Nf6 $5 (14... Ne3 $6 15. Bxg7
$1 Nxd1 16. Bxh8 f6 17. Raxd1 Kf7 18. Bxf6 $44) (14... Bxe5 15. Nxe5 Nc3 16.
Qd3 dxe5 17. Qxc3 Qc7 $11) (14... dxe5 15. Qxd5 Bc6 16. Qxd8+ Rxd8 17. Rad1 $11
) 15. Bd4 Bh3 $36) 14... Nc7 $1 (14... Bxe5 $2 15. Bxe5 dxe5 16. Qxd5 $16) 15.
Nd3 $8 (15. Nxd7 $2 Bxb2 16. Rb1 Bg7 17. Bxb7 Qxd7 $19) 15... Bxb2 16. Nxb2 Bc6
17. Bxc6+ bxc6 $15 {Black has a more compact position, more central control.
His K is well placed, as White due to the threatening attack on the h-file
will have to exchange not only R, but also Q} 18. Kg2 Qd7 19. Rh1 $8 Rxh1 20.
Qxh1 Qf5 $1 21. Nd3 (21. Kg1 Kd7 {/\Qf6,Rh8->}) 21... Qe4+ ({Black can also
hardly avoid the Q-exchange:} 21... Kd7 22. Qh3) 22. Kg1 Qxh1+ (22... Qxe2 $6
23. Qxc6+ Kd8 24. Nf4 $14) 23. Kxh1 c5 $1 {_|_ Black has retained an edge in
the endgame and White must play accurately.} 24. Kg2 a5 25. Rh1 Kd7 (25... a4
$6 26. Rh8+ Kd7 27. Rxa8 Nxa8 28. bxa4 Nb6 29. Nb2 $14) 26. Nb2 e6 27. Na4 Ke7
28. f4 Na6 29. Nc3 Nb4 30. Kf3 (30. e4 Nc6 $15 {/\Nd4,f5}) 30... Rd8 {/\d5} (
30... d5 $2 31. cxd5 exd5 32. a3 d4 33. axb4 dxc3 34. bxa5 Rxa5 35. Rc1 $16)
31. Rc1 Nc6 32. e3 Rh8 33. Kg2 Nb4 34. a3 $6 {><b3} (34. Rd1 $5 Nc2 35. Kf3 {
/\Rd2=}) 34... Nc6 35. Rd1 a4 $5 (35... Rb8 36. Nb5 d5 {/\a4|^} 37. a4 $5 $11)
36. Nxa4 (36. bxa4 $6 Na5 37. Rb1 f5 $17 {[+]}) 36... Rb8 37. Rb1 Na5 38. Nc3
Rxb3 39. Rxb3 Nxb3 $15 40. Nd1 $8 Na5 41. Nb2 d5 (41... f5 42. Kf3 e5 43. e4 $5
$11) 42. cxd5 exd5 43. g4 Kd6 44. Kf3 f6 (44... Kc6 $5 $15 {/\Kb5,Nc4}) 45. Ke2
g5 46. Kd3 Nc6 47. Kc3 Ne7 (47... d4+ 48. Kd3 $11) 48. Nd3 Ng6 49. fxg5 fxg5
50. a4 $1 $11 Kc6 (50... Ne5 $2 51. Nxe5 Kxe5 52. a5 Kd6 53. Kd3 Kc6 54. e4 $18
) 51. a5 Nf8 $8 (51... Kb5 $2 52. a6 $16) 52. a6 Ne6 53. a7 Kb7 54. Nxc5+ $1 {
A timely sacrifice liquidates Black's remaining pawns.} Nxc5 55. Kd4 Ne4 56.
Kxd5 Nf2 (56... Nd2 57. Ke5 (57. e4 $5 $11) 57... Kxa7 58. Kf6 Nf3 59. e4 Kb6
60. e5 Kc7 61. e6 Kd6 (61... Kd8 62. Kf7 Ne5+ 63. Kf6 $11) 62. e7 Kd7 63. Kf7
Ne5+ 64. Kf6 $11) 57. Ke5 1/2-1/2

[Event "SUI-ch int"]
[Site "Switzerland"]
[Date "1992.??.??"]
[Round "3"]
[White "Zueger, Beat"]
[Black "Kaenel, Hansjuerg"]
[Result "1/2-1/2"]
[WhiteElo "2440"]
[BlackElo "2350"]
[Annotator "Stohl,I"]
[PlyCount "108"]
[EventDate "1992.??.??"]
[EventType "tourn"]
[EventRounds "11"]
[EventCountry "SUI"]
[EventCategory "8"]
[SourceTitle "CBM 031"]
[Source "ChessBase"]
[SourceDate "1992.12.01"]
[SourceVersion "1"]
[SourceVersionDate "1992.12.01"]
[SourceQuality "1"]

1. d4 Nf6 2. Nf3 g6 (2... c5 3. c4 cxd4 4. Nxd4 b6 5. Nc3 Bb7 6. Bg5 e6 7. e3 (
7. Ndb5 $1 $36) 7... d6 8. Bh4 Be7 9. Be2 Nc6 10. O-O O-O 11. Ndb5 Ne8 12. Bg3
a6 13. Nd4 Rc8 14. Rc1 Nf6 15. Nxc6 Bxc6 16. Qd2 Qc7 17. Rfd1 Rfd8 18. Qd3 Qb7
19. f3 Rd7 20. Bf2 Rdc7 21. e4 $14 {Polgar,J-Polgar,Zs,Aruba 1992-CBM 30}) 3.
c4 c5 4. Nc3 cxd4 (4... Bg7 5. d5 d6 {-E9}) 5. Nxd4 b6 (5... Bg7 6. e4 d6 7.
Be2 O-O 8. O-O Nc6 (8... a6 $5 9. Be3 e6 10. Nb3 Qc7 11. Rc1 b6 12. Qd2 Bb7 13.
f3 Rc8 14. Rfd1 Ne8 15. Bf1 Nd7 16. Qf2 Rab8 $132 {Pogorelov,R-Varga,Za,Gyor
HUN-ch op 1990}) 9. Be3 $14 {-B36}) (5... d5 $6 6. cxd5 (6. Bf4 Bg7 7. e3 O-O
8. Qb3 dxc4 9. Bxc4 Nbd7 10. Nf3 Qa5 11. Bxf7+ Rxf7 12. Ng5 Nd5 $1 13. O-O-O e6
14. Nxd5 exd5 15. Rxd5 Nc5 16. Qc4 Qb6 17. Rd8+ Qxd8 18. Qxf7+ Kh8 19. Rd1 Bd7
20. Qd5 Qe8 21. Nf7+ Kg8 22. Nh6+ Kh8 23. Nf7+ Kg8 24. Nd6+ Qe6 25. Qxc5 Qxa2
$44 {Vaganian,R-Gulko,B,URS-ch 1976}) (6. Bg5 $5 Ne4 7. Nxe4 dxe4 8. Nb5 Qxd1+
9. Rxd1 Na6 10. Be3 Bg7 11. Bd4 Bxd4 12. Rxd4 f5 13. e3 Bd7 {Stohl,I-Phominyh,
A,Stary Smokovec 1990-CBM 21} 14. Nc3 $14 {_|_}) 6... Nxd5 7. Ndb5 $1 Nxc3 8.
Qxd8+ Kxd8 9. Nxc3 Bg7 10. g3 Nc6 11. Bg2 e6 12. O-O Ke7 13. Rd1 Bd7 14. Bg5+
f6 15. Be3 Rhd8 16. Nb5 $16 {Hansen,LB-Polgar,S,Abenra active 1989}) 6. e4 d6
7. g3 $5 (7. Be2 Bb7 8. f3 Bg7 9. Be3 $14 {()}) 7... Bb7 8. Bg2 Bg7 9. O-O Nfd7
$1 (9... O-O $2 10. e5 Bxg2 11. exf6 Bxf1 12. fxg7 $16) 10. b3 (10. Bg5 $142
$36 {/\Qd2,Nd5}) 10... Nc6 11. Nde2 (11. Nxc6 Bxc6 12. Bb2 O-O 13. Qd2 a6 $132)
11... a6 12. Bb2 O-O (12... b5 13. cxb5 axb5 14. Qd2 b4 15. Nd5 $36) 13. Qd2
Rb8 14. h4 (14. Rfd1 $142 Ba8 15. Nd5 b5 16. Rac1 $14) 14... h5 $1 15. Rad1 (
15. Nd5 Nce5 $132) 15... Nce5 16. Nd5 b5 17. cxb5 (17. f4 $6 Ng4 $15) 17...
axb5 18. Bc3 Ra8 $13 19. Qb2 Bxd5 20. exd5 b4 $1 21. Bd4 $8 (21. Bxb4 $4 Nf3+
$19) 21... Bf6 22. Qd2 Qa5 23. Nc1 Rfc8 $15 24. Rfe1 Rc7 (24... Nc5 $5 $15) 25.
Nd3 Nxd3 26. Qxd3 Rac8 $6 (26... Ne5 $142 $1 {/\} 27. Bxe5 Bxe5 28. Rxe5 $2
dxe5 29. d6 Rc3 $17) 27. Bh3 Rd8 28. Bxd7 Rcxd7 29. Bxf6 exf6 30. Rd2 $13 f5
31. Rc2 {<->c,><b4,d6} Rc7 32. Rc4 Rc5 33. Rxc5 Qxc5 34. Qc4 (34. Kg2 Ra8 35.
Re2 $10) 34... Qxc4 (34... Rc8 35. Rc1 $36) 35. bxc4 Rc8 36. Rc1 Kf8 $10 37.
Kf1 Ke7 38. Ke2 Kd7 39. Kd3 {/\Rb1} Ra8 40. Rc2 Ra3+ 41. Kd4 {/\c5,Rb2} f4 $8
42. gxf4 Rh3 43. Rb2 Rxh4 44. Rxb4 Rxf4+ 45. Ke3 g5 46. a4 $8 h4 47. a5 h3 48.
a6 h2 49. a7 $1 (49. Rb1 Rxc4 $17) 49... Rf3+ $1 $8 (49... h1=Q $2 50. Rb7+ $1
$18) 50. Kxf3 (50. Ke2 Ra3 51. Rb7+ Ke8 52. Rb8+ Ke7 53. Rh8 Rxa7 54. Rxh2 $10)
50... h1=Q+ 51. Ke2 (51. Ke3 Qe1+ $17) 51... Qe4+ 52. Kf1 $8 (52. Kd2 Qd4+ $19)
52... Qh1+ 53. Ke2 $10 Qe4+ 54. Kf1 Qh1+ {[Stohl]} 1/2-1/2